000
00233nam a2200097Ia 4500
008
190216s9999||||xx |||||||||||||| ||und||
100
_a
Earnest Gowers Sir
245
4
_a
The Complete Plain Words
260
_b
Penguin Books
942
_c
BK
999
_c
11569
_d
11569